Sostenibilidad de la Europa del s. XXI econm̤ica, ambiental y social

Bibliographic Details
Format: eBook
Language:Spanish
Published: Madrid: Dykinson, 2020
Subjects:
Online Access:Acceso restringido

MARC

LEADER 00000nam a22000007a 4500
005 20200601165722.0
007 cr|||| |||
008 200601s2020 es |||||s|||| 00||0 spa d
020 |a 978-84-1324-711-3 
035 |a 31560 
040 |a vLex 
090 |c 10482  |d 10482 
245 0 0 |a Sostenibilidad de la Europa del s. XXI  |h [Recurso electrn̤ico] :  |b econm̤ica, ambiental y social 
256 |a Servicio en ln̕ea 
260 |a Madrid:  |b Dykinson,  |c 2020 
300 |a 1 recurso electrn̤ico 
506 1 |a Disponible solo en los productos indicados  |d vLex Global  |d vLex Global (Academic Edition, excluding Law Schools)  |d vLex Global (U.S. Academic Edition, Law Schools)  |d vLex Global (U.S. Academic Edition, excluding Law Schools)  |d vLex Global (Academic Edition, Law Schools) 
650 0 4 |a Derecho del Medio Ambiente  |z Espaą 
650 0 4 |a Economa̕ y negocios  |z Espaą 
650 0 4 |a Ciencias sociales  |z Espaą 
740 0 |a vLex Libros (Servicio en ln̕ea) 
856 4 0 |u http://vlex.com/source/sostenibilidad-europa-s-xxi-economica-ambiental-social-31560  |z Acceso restringido 
942 |c BOOK 
999 0 |a Environmental Law 
999 0 |a Economy and business 
999 0 |a Social sciences